|
|
|
|
| LEADER |
00000nam0a2200000 4500 |
| 001 |
311482 |
| 005 |
20231102002405.0 |
| 020 |
|
|
|a RU
|
| 035 |
|
|
|a (RuTPU)RU\TPU\book\336839
|
| 090 |
|
|
|a 311482
|
| 100 |
|
|
|a 20151208d1981 km y0rusy5003 ca
|
| 101 |
0 |
|
|a rus
|
| 102 |
|
|
|a RU
|
| 105 |
|
|
|a a z 001zy
|
| 200 |
1 |
|
|a Обработка металлов давлением
|e межвузовский сборник
|f Ростовский-на-Дону институт сельскохозяйственного машиностроения (РИСХМ) ; под ред. А. З. Журавлева
|
| 210 |
|
|
|a Ростов-на-Дону
|c Изд-во РИСХМ
|d 1981
|
| 215 |
|
|
|a 174 с.
|c ил.
|
| 320 |
|
|
|a Библиогр. в конце ст.
|
| 606 |
1 |
|
|a Металлообработка давлением
|2 stltpush
|3 (RuTPU)RU\TPU\subj\72676
|9 86085
|
| 610 |
1 |
|
|a металлы
|
| 610 |
1 |
|
|a кузнечно-прессовое оборудование
|
| 610 |
1 |
|
|a конструирование
|
| 610 |
1 |
|
|a металлообрабатывающие инструменты
|
| 610 |
1 |
|
|a метод конечного элемента
|
| 610 |
1 |
|
|a штамповка
|
| 610 |
1 |
|
|a деформирование
|
| 610 |
1 |
|
|a горячая пластическая деформация
|
| 610 |
1 |
|
|a гранулы
|
| 610 |
1 |
|
|a прессование
|
| 610 |
1 |
|
|a микроструктура
|
| 610 |
1 |
|
|a граничные условия
|
| 610 |
1 |
|
|a остаточные напряжения
|
| 610 |
1 |
|
|a релаксация
|
| 610 |
1 |
|
|a холодное выдавливание
|
| 675 |
|
|
|a 621.73
|v 3
|
| 702 |
|
1 |
|a Журавлев
|b А. З.
|g Александр Захарович
|4 340
|
| 712 |
0 |
2 |
|a Ростовский-на-Дону институт сельскохозяйственного машиностроения (РИСХМ)
|c (1947-1992)
|2 stltpush
|3 (RuTPU)RU\TPU\col\7481
|
| 801 |
|
0 |
|a RU
|b RuMRKP
|c 19950704
|g psbo
|
| 801 |
|
1 |
|a RU
|b 63413507
|c 20151208
|
| 801 |
|
2 |
|a RU
|b 63413507
|c 20191223
|g RCR
|
| 942 |
|
|
|c BK
|